000
00255nam a2200109Ia 4500
008
230907s9999||||xx |||||||||||||| ||und||
082
_a
620.106
_b
WHI
100
_a
White, Frank M.
_9
3282
245
0
_a
Fluid mechanics /
300
_a
pages cm
942
_c
BK
999
_c
598837
_d
598837